000 00404nam a22001457a 4500
008 250428b |||||||| |||| 00| 0 eng d
020 _a9781366666512333
050 _aJK1759
_b.G66
100 _aGoodman Sara Walkce
245 _aCitizenship in hard times
260 _aUnited Kingdom
_bCambridge University Press
_c2022
300 _axiv,219p
650 _aCitezenship United State History
942 _cBK
999 _c3235
_d3235